zpět

Detail výsledku týmu

Restaurace v Pivovaře, Poděbrady

Datum a čas kvízu

28 Celkem bodů Celkový počet nahraných bodů na tomto kvízu bez doplňovacích otázek.
5. Pořadí na kvízu Konečné umístění týmu na tomto kvízu.

Zaznamenané odpovědi

# Otázka Odpověď Body Výsledky
1. Nejsledovanějším, nejprestižně... Jedlovou 1
2. K oslavám Díkůvzdání, které pr... milost (život) 1
3. Že fanoušci často žádají o aut... A 0
4. Minulý týden jsme se dozvěděli... Five Guys 1
5. Za který tým hrál minulý týden... Arsenal 0
6. Seřaďte tyto ostrovy dle rozlo... 1D 2B 3A 4C 1
7. Nyní přiřaďte ostrovy ke států... 1A 2C 3B 4D 1
8. Kterému ostrovnímu středomořsk... Malta 1
9. Nyní si odskočíme ke kinematog... Řek Zorba, Anthony Quinn 0.5
10. Ke kterému středomořskému ostr... Elba 1